Las autonomías regionales en la constitución italiana del 27 de Diciembre de 1947

Guardat en:
Dades bibliogràfiques
Autor principal: Ferrando Badía, Juan (Autor)
Format: Llibre
Idioma:espanyol
Publicat: Madrid Instituto de Estudios Políticos 1962
Col·lecció:Instituciones Políticas
Matèries:
Etiquetes: Afegir etiqueta
Sense etiquetes, Sigues el primer a etiquetar aquest registre!

MARC

LEADER 00000nam a2200000 a 4500
001 UCT9702
003 CL-VaPUC
008 970411e19620000SP |||||||||||||||||spa|d
082 0 4 |a 342.45  |b FER  |2 21 
100 |a Ferrando Badía, Juan  |e author  |9 315345 
245 1 4 |a Las autonomías regionales en la constitución italiana del 27 de Diciembre de 1947 
300 |a 370 p 
942 |c BK 
945 |d 19970411 00:00:00  |a paguirre 
260 |a Madrid  |b Instituto de Estudios Políticos  |c 1962 
650 0 |a Constituciones  |9 255417 
650 0 |a Derecho constitucional   |9 222588 
650 7 |a SISTEMAS POLITICOS  |2 CL-VaPUC  |9 382635 
650 0 |a Elecciones  |9 254997 
650 0 |a Partidos políticos  |9 254999 
650 0 |a Poder legislativo  |9 258808 
651 0 |a Italia  |9 254949 
583 |a last modification  |c 19970411 00:00:00  |k Rodrigo Vera 
490 0 |a Instituciones Políticas 
999 |c 258081  |d 258079 
952 |0 0  |1 0  |4 0  |6 342_450000000000000_FER_1962  |7 0  |8 A  |9 281877  |a BIBDER  |b BIBDER  |d 2019-11-19  |i 182886K  |o 342.45 FER 1962  |p 182886K  |r 2023-01-25  |w 2019-11-19  |y BK  |k DER